000 00498nam a2200169Ia 4500
005 20250923145829.0
008 008 250917s9999 xx 000 0 eng d
037 _aTextual
040 _aDSWL
_beng
_cDSWL
041 _aeng
_2eng
084 _aYX,34, N85
_qDSWL
245 0 _aSocial Service programmes in slum areas
_c by N.S.S. Unit T.O.R.C.
260 _aDelhi
_b Director of census operation
_c1985
300 _a46p.
942 _cTEXL
_hYX,34, N85
999 _c1456236
_d1456236